UBT Library

BIOLOGY Science for life (Record no. 58322)

000 -LEADER
fixed length control field 00327nam a22001457a 4500
008 - FIXED-LENGTH DATA ELEMENTS--GENERAL INFORMATION
fixed length control field 221003b ||||| |||| 00| 0 eng d
020 ## - INTERNATIONAL STANDARD BOOK NUMBER
International Standard Book Number 9780133892307
041 ## - LANGUAGE CODE
Language code of text/sound track or separate title eng
080 ## - UNIVERSAL DECIMAL CLASSIFICATION NUMBER
Edition identifier 5th
Universal Decimal Classification number 573
082 ## - DEWEY DECIMAL CLASSIFICATION NUMBER
Classification number 573
100 ## - Rafti
Rafti 16.1
101 ## - Shkurtesa
Shkurtesa BIOLOGY
245 ## - TITLE STATEMENT
Title BIOLOGY Science for life
Statement of responsibility, etc BELK COLLEEN
942 ## - ADDED ENTRY ELEMENTS (KOHA)
Source of classification or shelving scheme
Item type Books
Holdings
Withdrawn status Lost status Source of classification or shelving scheme Damaged status Not for loan Collection code Permanent location Current location Date acquired Total Checkouts Full call number Barcode Date last seen Price effective from Koha item type
          Koleksioni i përgjithshem UBT - Lipjan UBT - Lipjan 10/03/2022   573 BEL 002-80002869 10/03/2022 10/03/2022 Books
UBT Library © 2015-2024. All rights reserved University Education for Business and Technology